Как защититься от наводнений?; Энергия: экономика, техника, экология; № 11

Библиографические подробности
Источник:Энергия: экономика, техника, экология: научно-популярный и общественно-политический журнал/ Российская академия наук (РАН).— , 1984-.— 0233-3619
№ 11.— 2003.— С. 49-53
Главный автор: Малик Л. К.
Язык:русский
Опубликовано: 2003
Предметы:
Формат: Статья
Запись в KOHA:https://koha.lib.tpu.ru/cgi-bin/koha/opac-detail.pl?biblionumber=389385

MARC

LEADER 00000naa2a2200000 4500
001 389385
005 20231101063847.0
035 |a (RuTPU)RU\TPU\prd\21562 
090 |a 389385 
100 |a 20040122a2003 k y0rusy50 ca 
101 0 |a rus 
102 |a RU 
200 1 |a Как защититься от наводнений?  |f Л. К. Малик 
461 1 |0 (RuTPU)RU\TPU\prd\458  |x 0233-3619  |t Энергия: экономика, техника, экология  |o научно-популярный и общественно-политический журнал  |f Российская академия наук (РАН)  |d 1984- 
463 1 |0 (RuTPU)RU\TPU\prd\20892  |t № 11  |v С. 49-53  |d 2003 
610 1 |a наводнения 
610 1 |a защита 
610 1 |a способы 
610 1 |a дамбы 
610 1 |a паводки 
610 1 |a промышленные объекты 
700 1 |a Малик  |b Л. К. 
801 1 |a RU  |b 63413507  |c 20040122  |g PSBO 
801 2 |a RU  |b 63413507  |c 20141024  |g RCR 
942 |c BK